Pets (KHMER) / (Record no. 50258)
| 000 -LEADER | |
|---|---|
| fixed length control field | 00273nam a2200109 4500 |
| 020 ## - INTERNATIONAL STANDARD BOOK NUMBER | |
| International Standard Book Number | 9789996395307 |
| 100 ## - MAIN ENTRY--PERSONAL NAME | |
| Personal name | Hen, Lourna |
| 9 (RLIN) | 84764 |
| 245 ## - TITLE STATEMENT | |
| Title | Pets (KHMER) / |
| Statement of responsibility, etc | Lourna Hen |
| 260 ## - PUBLICATION, DISTRIBUTION, ETC. (IMPRINT) | |
| Place of publication, distribution, etc | Australia |
| Name of publisher, distributor, etc | Wild Dog |
| Date of publication, distribution, etc | 2016 |
| 300 ## - PHYSICAL DESCRIPTION | |
| Extent | 63 p. |
| Other physical details | col. ill. |
| Dimensions | 27 cm. |
| 942 ## - ADDED ENTRY ELEMENTS (KOHA) | |
| Source of classification or shelving scheme | |
| Koha item type | Book |
| Withdrawn status | Lost status | Source of classification or shelving scheme | Damaged status | Not for loan | Collection code | Home library | Current library | Date acquired | Total Checkouts | Full call number | Barcode | Date last seen | Price effective from | Koha item type |
|---|---|---|---|---|---|---|---|---|---|---|---|---|---|---|
| Siem Riep | Asian Hope Early Years Library | Asian Hope Early Years Library | 03/13/2026 | KHMER 636 HEN | 209904 | 03/13/2026 | 03/13/2026 | Book |